Rozpoznaj klub po herbie cz.2 - Statystyki

Ogólne statystyki
  • Ten quiz został rozwiązany 272 razy
  • Średni wynik to 12 z 14
Statystyki odpowiedzi
Obrazkowy Odpowiedź % Poprawnych
Juventus
99%
Manchester United
99%
Jagiellonia
98%
Slavia Praga
92%
Olympique Marseille
91%
Burnley
90%
Galatasaray
88%
Fulham
87%
Paok Saloniki
85%
Anderlecht
83%
Girona FC
83%
Hannover 96
82%
Zawisza Bydgoszcz
77%
Club America
54%
Nie znaleziono quizów pasujących do podanych kryteriów
Rozkład punktacji
Procent ludzi z każdym wynikiem
Percentyl według liczby udzielonych odpowiedzi
Twoja historia wyników
Nie rozwiązałeś tego quizu